000 00522nam a2200181Ia 4500
999 _c37072
_d37072
003 OSt
005 20210125103803.0
008 190216s9999||||xx |||||||||||||| ||und||
020 _a9788174824233
040 _coclc
082 _a570
_bPUS/C
100 _aPushkar, Kumar
_98420
245 0 _aCSIR- UGC NET / JRF / SET Life Sciences /
_cKumar Pushkar ; A P Singh
260 _bUpkar Prakashan,
_c2011.
_aAgra:
300 _a671p
650 _aScience
942 _cREF
_2ddc
_h570
_iPUS/C
_k570
_mPUS/C